Online
Catalog

Mahoma y los árabes / (Record no. 14628)

MARC details
000 -CABECERA
campo de control de longitud fija 00949cam a2200265 a 4500
001 - NÚMERO DE CONTROL
campo de control 000015055
005 - FECHA Y HORA DE LA ÚLTIMA TRANSACCIÓN
campo de control 20200929163937.0
008 - DATOS DE LONGITUD FIJA--INFORMACIÓN GENERAL
campo de control de longitud fija 931021s1990 cu ab 000 0 spa
040 ## - FUENTE DE LA CATALOGACIÓN
Centro catalogador/agencia de origen DO-SdBNP
Centro/agencia transcriptor DLC
043 ## - CÓDIGO DE ÁREA GEOGRÁFICA
Código de área geográfica f------
-- a------
082 ## - NÚMERO DE LA CLASIFICACIÓN DECIMAL DEWEY
Número de clasificación 297
Número de documento/Ítem D542m
049 ## - FONDOS LOCALES (OCLC)
Fondos de biblioteca BNGR
100 1# - ENTRADA PRINCIPAL--NOMBRE DE PERSONA
Nombre de persona Díaz García, Waldo,
Fechas asociadas al nombre 1926-
9 (RLIN) 34072
245 10 - MENCIÓN DE TÍTULO
Título Mahoma y los árabes /
Mención de responsabilidad, etc. Waldo Díaz García ; edición Liliana Martínez Pérez ; prólogo Domingo Amuchástegui Álvarez.
260 ## - PUBLICACIÓN, DISTRIBUCIÓN, ETC.
Lugar de publicación, distribución, etc. La Habana, Cuba :
Nombre del editor, distribuidor, etc. Ciencias Sociales,
Fecha de publicación, distribución, etc. 1990.
300 ## - DESCRIPCIÓN FÍSICA
Extensión x, 327 p. :
Otras características físicas il., mapas ;
Dimensiones 23 cm.
490 1# - MENCIÓN DE SERIE
Mención de serie Etnología
504 ## - NOTA DE BIBLIOGRAFÍA, ETC.
Nota de bibliografía, etc. Incluye referencias bibliográficas (p. 309-327).
650 #4 - PUNTO DE ACCESO ADICIONAL DE MATERIA--TÉRMINO DE MATERIA
Término de materia o nombre geográfico como elemento de entrada Musulmanes
9 (RLIN) 34073
600 00 - PUNTO DE ACCESO ADICIONAL DE MATERIA--NOMBRE DE PERSONA
Nombre de persona MUHAMMAD,
Títulos y otros términos asociados al nombre PROPHET,
Fechas asociadas al nombre d. 632.
9 (RLIN) 34074
700 1# - PUNTO DE ACCESO ADICIONAL--NOMBRE DE PERSONA
Nombre de persona Martínez Pérez, Liliana
Término indicativo de función/relación ed.
9 (RLIN) 34075
700 1# - PUNTO DE ACCESO ADICIONAL--NOMBRE DE PERSONA
Nombre de persona Amuchástegui Álvarez, Domingo
Término indicativo de función/relación pról.
9 (RLIN) 34076
830 #0 - PUNTO DE ACCESO ADICIONAL DE SERIE-TÍTULO UNIFORME
Título uniforme Etnología ;
9 (RLIN) 34077
910 ## - DATOS DE OPCIÓN DEL USUARIO (OCLC)
Datos de opción del usuario Catalogación por copia / LC
Holdings
Estado de retiro Estado de pérdida Restricciones de uso No para préstamo Código de colección Localización permanente Ubicación/localización actual Ubicación en estantería Fecha de adquisición Número de inventario Total de préstamos Signatura topográfica completa Código de barras Fecha visto por última vez Precio válido a partir de Tipo de ítem Koha
      Excluido de préstamo Monografías: Libros y Folletos General General En catalogación 29.01.2010 LF1   297 D542m 15055-10 25.06.2020 25.06.2020 No se presta

Powered by Koha